000 00288nam a22001337a 4500
008 170804b xxu||||| |||| 00| 0 eng d
020 _a9781882419166
041 _aeng
080 _a004
100 _a33
101 _aSHKI
245 _aTHE A TO Z OF EDI
_cJILOVEC, N
942 _2udc
_cBK
999 _c22712
_d22712